Normal view
MARC view
Entry Nombre personal
001 - NÚMERO DE CONTROL
- campo de control: 962
003 - IDENTIFICADOR DE NÚMERO DE CONTROL
- campo de control: DLC
005 - FECHA Y HORA DE LA ÚLTIMA TRANSACCIÓN
- campo de control: 20260325091226.0
008 - ELEMENTOS DE DATO DE LONGITUD-FIJA
- campo de control de longitud fija: 790627n| azannaabn |a aaa
010 ## - NÚMERO DE CONTROL DE LA BIBLIOTECA DEL CONGRESO
- Número de control de LC: n 79055207
- Número de control de LC cancelado o no válido: n 79058986
035 ## - NÚMERO DE CONTROL DEL SISTEMA
- Número de control de sistema: (OCoLC)oca00288326
040 ## - FUENTE DE CATALOGACIÓN
- Centro catalogador/agencia de origen: DLC
- Lengua de catalogación: eng
- Centro/agencia transcriptor: DLC
- Normas de descripción: rda
- Centro/agencia modificador: DLC
- Centro/agencia modificador: OCoLC
- Centro/agencia modificador: DLC
- Centro/agencia modificador: InU
046 ## - FECHAS CON CODIFICACIÓN ESPECIAL
- Fecha de nacimiento: 1944-02-25
- Fuente del esquema de fecha: edtf
100 1# - ENCABEZAMIENTO-NOMBRE DE PERSONA
- Nombre de persona: Landeira, Ricardo,
- Fechas asociadas al nombre: 1944-
373 ## - GRUPO ASOCIADO
- Grupo asociado: University of Wyoming
- Grupo asociado: Arizona State University
- Grupo asociado: Duke University
400 1# - TRAZADO DE VÉASE--NOMBRE DE PERSONA
- Nombre de persona: López Landeira, Richard,
- Fechas asociadas al nombre: 1944-
400 1# - TRAZADO DE VÉASE--NOMBRE DE PERSONA
- Nombre de persona: Landeira, Richard López,
- Fechas asociadas al nombre: 1944-
670 ## - FUENTE DE DATOS ENCONTRADOS
- Cita de la fuente: His La saudade en el renacimiento ... 1970.
670 ## - FUENTE DE DATOS ENCONTRADOS
- Cita de la fuente: His The modern Spanish novel, 1898-1936, c1985:
- Información encontrada: CIP t.p. (Ricardo Landeira; Univ. of Wyoming)
670 ## - FUENTE DE DATOS ENCONTRADOS
- Cita de la fuente: Dir. of Amer. scholars, 1982
- Información encontrada: (Landeira, Ricardo; b. 2-25-44; Dept. of Mod. Class. Lang., Univ. of Wyo., Laramie; prev. at Ariz. State Univ. and Duke Univ.)
670 ## - FUENTE DE DATOS ENCONTRADOS
- Cita de la fuente: LC manual cat.
- Información encontrada: (Usage: Ricardo Landeira; Ricardo L. Landeira; Richard López Landeira)